000 00498nam a2200157 i 4500
001 bg
100 1 _aKAŁUŻNY, Wojciech.
245 1 0 _aAutomatyzacja procesów technologicznych.
_nCz. 2,
_pObrabiarki sterowane numerycznie :
_bmateriały do wykładów i ćwiczeń /
_cWojciech Kałużny.
260 _aBydgoszcz,
_c1981.
650 9 _aObrabiarki sterowane numerycznie
040 _cBPK
041 _apol
080 _a621.9-114(075.8)
942 _cKS
008 s pl f |000 0 pol
999 _c20106
_d20106
856 _uhttp://koha.tu.koszalin.pl/cgi-bin/koha/opac-detail.pl?biblionumber=20106
_yKatalog online BPK